00523 2200181 4500245009000000020002200090250001100112100002700123650001100150650001500161005001900176260005500195041001400250084001000264300003300274490002500307336000900332 aJelajah Pustaka Alam dan Budaya Lemah Abang, PekalongancAgustijanto IndradjajahText a978-979-8041-65-5 aCet. 1 aAgustijanto Indradjaja aBudaya apekalongan a20240902095639 aJakartabPusat Penelitian Arkeologi Nasionalc2018 aIndonesia a930.1 a41 Halaman :b14,8 x 21 cm ; aSeri Rumah Peradaban atext